Taylor Swift - Folklore - Statistiken

Allgemein
  • Dieses Quiz wurde 600 mal gespielt
    599 seit der letzten Aktualisierung
  • Das Durchschnittsergebnis liegt bei 13 aus 17
Antwortstatistiken
Nein Track % Korrekt
14 betty
92%
2 cardigan
92%
8 august
91%
1 the 1
89%
17 the lakes
81%
5 my tears ricochet
80%
3 the last great american dynasty
79%
4 exile
77%
6 mirrorball
77%
10 illicit affairs
76%
16 hoax
75%
7 seven
73%
9 this is me trying
71%
15 peace
64%
11 invisible string
63%
12 mad woman
62%
13 epiphany
60%
Keine übereinstimmenden Quizze gefunden
Verteilung der Resultate
Anzahl Personen mit jedem Resultat
Perzentil nach korrekt beantworteten Fragen
Ihre Resultats-Entwicklung
Sie haben dieses Quiz seit der letzten Aktualisierung nicht gespielt